[Event "Lisbon-ch 14th"]
[Site "Lisbon"]
[Date "2004.??.??"]
[Round "10"]
[White "Costa Pereira, Joaquim"]
[Black "Cruz, Paulo A Pereira"]
[Result "1/2-1/2"]
[WhiteElo "1800"]
[BlackElo "2075"]
[PlyCount "57"]
[EventDate "2004.??.??"]
[EventType "tourn"]
[EventRounds "11"]
[EventCountry "POR"]
[SourceTitle "EXT 2007"]
[Source "ChessBase"]
[SourceDate "2006.11.23"]
[SourceVersion "1"]
[SourceVersionDate "2006.11.23"]
[SourceQuality "1"]

1. e4 e5 2. Nf3 f5 3. Nxe5 Qf6 4. d4 d6 5. Nc4 fxe4 6. Nc3 Qf7 7. Ne3 Nf6 8. Bc4 Be6 9. d5 Bc8 10. Qd4 Qg6 11. Bb5+ Kf7 12. Bd2 Be7 13. 0-0-0 a6 14. Ba4 b5 15. Bb3 Re8 16. f3 exf3 17. gxf3 Nh5 18. Ng4 Bf6 19. Nxf6 Qxf6 20. Qf2 Nd7 21. Rhg1 h6 22. Rde1 Rxe1+ 23. Rxe1 Nc5 24. Be3 Nxb3+ 25. axb3 Bf5 26. Bd4 Qg5+ 27. Be3 Qf6 28. Bd4 Qg5+ 29. Be3 1/2-1/2

[Event "Lisbon-ch 14th"]
[Site "Lisbon"]
[Date "2004.??.??"]
[Round "3"]
[White "Costa Pereira, Joaquim"]
[Black "Silva, Pedro"]
[Result "1/2-1/2"]
[WhiteElo "1800"]
[BlackElo "2115"]
[PlyCount "52"]
[EventDate "2004.??.??"]
[EventType "tourn"]
[EventRounds "11"]
[EventCountry "POR"]
[SourceTitle "EXT 2007"]
[Source "ChessBase"]
[SourceDate "2006.11.23"]
[SourceVersion "1"]
[SourceVersionDate "2006.11.23"]
[SourceQuality "1"]

1. e4 e5 2. Nf3 Nf6 3. Nxe5 d6 4. Nf3 Nxe4 5. d4 d5 6. Bd3 Bd6 7. 0-0 0-0 8. c4 c6 9. Nc3 Nxc3 10. bxc3 Bg4 11. Re1 Nd7 12. Rb1 dxc4 13. Bxc4 Nb6 14. Bd3 Qf6 15. c4 Bc7 16. Be3 Rfe8 17. Be2 Bxf3 18. Bxf3 Nxc4 19. Rxb7 Re7 20. Rb1 Nxe3 21. fxe3 Qh6 22. g3 Rxe3 23. Kg2 Bb6 24. d5 Rd8 25. Rxe3 Qxe3 26. Qe1 Qxe1 1/2-1/2